| 000 | 00476 a2200181 4500 | ||
|---|---|---|---|
| 003 | OSt | ||
| 005 | 20231205110011.0 | ||
| 008 | 231205b |||||||| |||| 00| 0 eng d | ||
| 020 | _a9789355497413 | ||
| 040 | _coclc | ||
| 082 |
_a920 _bPIL/N |
||
| 100 |
_aPillai, N N _96783 |
||
| 245 |
_aNjan / _cN.N. Pillai |
||
| 250 | _a4th ed. | ||
| 260 |
_aKozhikode: _bMathrubhumi Books, _c2023. |
||
| 300 | _a544p. | ||
| 942 |
_2ddc _cBK _h920 _iPIL/N _k920 _mPIL/N |
||
| 999 |
_c43977 _d43977 |
||